000
00373nam a2200133Ia 4500
008
151001s9999||||xx |||||||||||||| ||und||
100
_a
भास्कर चिंधू चौधरी
245
_a
सोळा कथा
250
_a
1
260
_b
अंजली प्रकाशन पुणे
260
_c
1993
300
_a
108
365
_b
21
999
_c
974321
_d
974318